Southville International School and Colleges
Your cart is empty.
  • Cart
  • Lists
    Public lists list_1 View all
    Your lists Log in to create your own lists
  • Log in to your account
  • Your cookies
  • Search history
Southville International School and Colleges
  • Advanced search
  • Recent comments
  • Most popular
  • Libraries

Log in to your account

Log in with GOOGLE


If you do not have an external account, but do have a local account, you can still log in:

  1. Home
  2. MARC view: How to beat social alienation /
Normal view MARC view ISBD view

How to beat social alienation / (Record no. 48634)

[ view plain ]
MARC details
000 -LEADER
fixed length control field 00649nam a2200217Ia 4500
008 - FIXED-LENGTH DATA ELEMENTS--GENERAL INFORMATION
fixed length control field 140321s9999 xx 000 0 und d
020 ## - INTERNATIONAL STANDARD BOOK NUMBER
International Standard Book Number 9781448868124
050 ## - LIBRARY OF CONGRESS CALL NUMBER
Classification number HM 1131
Item number .P67 2013
100 ## - MAIN ENTRY--PERSONAL NAME
Personal name Porterfield, Jason
245 ## - TITLE STATEMENT
Title How to beat social alienation /
Statement of responsibility, etc Jason porterfied.
250 ## - EDITION STATEMENT
Edition statement 1st ed.
260 ## - PUBLICATION, DISTRIBUTION, ETC. (IMPRINT)
Place of publication, distribution, etc New York :
Name of publisher, distributor, etc Rosen Central,
Date of publication, distribution, etc c2013.
300 ## - PHYSICAL DESCRIPTION
Extent 48 p. :
Other physical details col. ill. ;
Dimensions 24 cm.
440 ## - SERIES STATEMENT/ADDED ENTRY--TITLE
Title (Beating bullying).
500 ## - GENERAL NOTE
General note Includes bibliographical references and index.
521 ## - TARGET AUDIENCE NOTE
Target audience note
650 ## - SUBJECT ADDED ENTRY--TOPICAL TERM
Topical term or geographic name as entry element Alienation (Social psychology).
650 ## - SUBJECT ADDED ENTRY--TOPICAL TERM
Topical term or geographic name as entry element Behavior modification.
942 ## - ADDED ENTRY ELEMENTS (KOHA)
Call number prefix Foreign
Koha item type Books
Holdings
Withdrawn status Lost status Damaged status Home library Current library Shelving location Date acquired Total Checkouts Full call number Barcode Date last seen Price effective from Koha item type Public note
Withdrawn     College Library College Library Reserve Section 03/21/2014   HM 1131 .P67 2013 C17917 10/05/2014 03/21/2014 Books Current accession number: c17383 checked & verified with Asset Management 11/2016

How to beat social alienation /

APA

Porterfield J., . (2013). How to beat social alienation. New York: Rosen Central.

Chicago

Porterfield Jason, . 2013. How to beat social alienation. New York: Rosen Central.

Harvard

Porterfield J., . (2013). How to beat social alienation. New York: Rosen Central.

MLA

Porterfield Jason, . How to beat social alienation. New York: Rosen Central. 2013.

  • Print
  • Cite
  • Add to your cart (remove)
  • Save record
    BIBTEX Dublin Core MARCXML MARC (non-Unicode/MARC-8) MARC (Unicode/UTF-8) MARC (Unicode/UTF-8, Standard) MODS (XML) RIS
  • More searches
    Search for this title in:
    Other Libraries (WorldCat) Other Databases (Google Scholar) Online Stores (Bookfinder.com) Open Library (openlibrary.org)

Exporting to Dublin Core...

SOUTHVILLE LIBRARY

Southville International School and Colleges Library

1281 Tropical Ave. Cor. Luxembourg St., BF Homes International, Las Pinas City

Tel. No. 8256374 / 252358 Loc. 117/146

Powered by Koha